000 00315nam a22001337a 4500
008 170623b xxu||||| |||| 00| 0 eng d
020 _a0813379512
041 _aeng
080 _a94
100 _a16
101 _aSHH
245 _aCORE/ PERIPHERY RELATIONS IN PRECAPITALIST WORLDS
_cDUNN,CH.CH
942 _2udc
_cBK
999 _c18898
_d18898